000 00488nam a2200193Ia 4500
003 OSt
005 20260418154327.0
008 160316s1987 xxu||||| |||| 00| 0 eng d
040 _c.
082 _a320.941 DER
100 _aDerbyshire J Denis
245 _aThe business of government/
_b J Denis Derbyshire
260 _aEdinburgh :
_bW & R Chambers Ltd,
_c1987,
300 _a262p
365 _bRs.35/-
650 _aPolitics - Government - U K
700 _a
_a
942 _2ddc
_cBK
999 _c5865
_d5865